00513nam a2200145 i 4500001000700000003000900007005001700016007000300033008004100036245015100077260005200228300002100280500004000301852002600341146028ES-MaACL20230906201406.0t|071018s1908 sp ||||1| spa d00aVelada celebrada el 25 de Marzo de 1908 para conmemorar el primer centenario del nacimiento del insigne poeta extremeño D. José de Espronceda. aMérida : b[s.n.], c1908 (fJoaquín Soler) a18 p. ; c31 cm. aPrec. al tít.: Liceo de Mérida. aES-MaACLjT-1177-F-11